000 00454nam a2200181Ia 4500
001 18839
005 20260306171700.0
008 260306s9999||||xx |||||||||||||| ||und||
041 _aESP
082 _a658.5
_bR73P
100 _aRodrigo Illera, Carlos
_eAUT
245 0 _aPrácticas de dirección y gestión de la producción
260 _c2011
300 _a410 páginas :
_c24 cm.
650 _aGEN
654 _aCAN
942 _cLIB
_dJUS
_fJUS
_2ddc
_n
999 _c18839
_d18839